Cadernos de Processo do Trabalho N. 19 Sentenȧ e Coisa Julgada / Parte I

Detalles Bibliográficos
Autor principal: Teixeira Filho, Manoel Antonio
Formato: eBook
Lenguaje:portugués
Publicado: San Pablo: LTR, 2018
Materias:
Acceso en línea:Acceso restringido

MARC

LEADER 00000nam a22000007a 4500
005 2019052400000.0
007 cr|||| ||||
008 190524s2018 br |||||s|||| 00||0 por d
020 |a 978-85-361-9879-8 
035 |a 23425 
040 |a vLex 
090 |c 8805  |d 8805 
100 1 |a Teixeira Filho, Manoel Antonio 
245 1 0 |a Cadernos de Processo do Trabalho N. 19  |h [Recurso electrn̤ico] :  |b Sentenȧ e Coisa Julgada /  |c Manoel Antonio Teixeira Filho  |n Parte I 
256 |a Servicio en ln̕ea 
260 |a San Pablo:  |b LTR,  |c 2018 
300 |a 1 recurso electrn̤ico 
500 |a Os Cadernos de Processo do Trabalho compe̳m uma excelente coleȯ̂ elaborada pelo Prof. Manoel Antonio Teixeira Filho, um dos mais destacados juristas do Pas̕. Os temas selecionados sô de grande interesse prt̀ico para magistrados, advogados, membros do Ministřio Pb︢lico, professores e acadm̊icos de Direito. A exposiȯ̂ ̌feita de maneira didt̀ica, sem prejuz̕o do aprofundamento do conted︢o. 
506 1 |a Disponible solo en los productos indicados  |d vLex Global  |d vLex Global (Academic Edition, excluding Law Schools)  |d vLex Global (U.S. Academic Edition, Law Schools)  |d vLex Global (U.S. Academic Edition, excluding Law Schools)  |d vLex Global (Academic Edition, Law Schools) 
650 0 4 |a Procedimiento Laboral  |z Brasil 
650 0 4 |a Procedimiento Civil  |z Brasil 
740 0 |a vLex Libros (Servicio en ln̕ea) 
856 4 0 |u http://vlex.com/source/cadernos-de-processo-do-trabalho-n-19-senten-a-e-coisa-julgada-parte-i-23425  |z Acceso restringido 
942 |c BOOK 
999 0 |a Labor Procedure 
999 0 |a Civil Procedure